MARC details
| 000 -LEADER |
| fixed length control field |
00781cab a2200193 4500 |
| 001 - CONTROL NUMBER |
| control field |
WB3021-20 |
| 008 - FIXED-LENGTH DATA ELEMENTS--GENERAL INFORMATION |
| fixed length control field |
090401t1994 xxu||||| |||| 00| 0 eng d |
| 035 ## - SYSTEM CONTROL NUMBER |
| System control number |
(Sirsi) u62025 |
| 041 ## - LANGUAGE CODE |
| Language code of text/sound track or separate title |
eng |
| 245 ## - TITLE STATEMENT |
| Title |
Monument |
| 260 ## - PUBLICATION, DISTRIBUTION, ETC. |
| Date of publication, distribution, etc. |
1994 |
| 350 ## - PRICE (NR) (BK AM CF MU VM SE) [OBSOLETE] |
| Price |
0 |
| 490 ## - SERIES STATEMENT |
| Series statement |
Independent |
| Volume/sequential designation |
30 May 1994, 21(1) |
| 520 ## - SUMMARY, ETC. |
| Summary, etc. |
In "R v Bovis Construction Ltd" CA 5 May 1994, an appeal by B, convicted of causing works to be executed damaging a scheduled monument, was dismissed on the grounds that the definition of the scheduled monument was conclusive for the strict liability purposes of Ancient Monuments and Archaelogical Areas Act 1979 s2. |
| 650 ## - SUBJECT ADDED ENTRY--TOPICAL TERM |
| Topical term or geographic name entry element |
ANCIENT MONUMENTS AND ARCHAEOLOGICAL AREAS ACT 1979 S2 |
| 690 ## - LOCAL SUBJECT ADDED ENTRY--TOPICAL TERM (OCLC, RLIN) |
| Topical term or geographic name as entry element |
CONSERVATION-CASE LAW |
| 942 ## - ADDED ENTRY ELEMENTS (KOHA) |
| Suppress in OPAC |
0 |
| 948 ## - LOCAL PROCESSING INFORMATION (OCLC); SERIES PART DESIGNATOR (RLIN) |
| c (OCLC) |
04/03/1997 |